Central Library OPAC University of Rajshahi
Normal view MARC view

Entry Personal Name

Number of records used in: 1

001 - CONTROL NUMBER

  • control field: 18503

003 - CONTROL NUMBER IDENTIFIER

  • control field: BD-RjUL

005 - DATE AND TIME OF LATEST TRANSACTION

  • control field: 20260517155409.0

008 - FIXED-LENGTH DATA ELEMENTS

  • fixed length control field: 260517|| aca||aabn | a|a d

040 ## - CATALOGING SOURCE

  • Original cataloging agency: BD-RjUL
  • Transcribing agency: BD-RjUL

100 ## - HEADING--PERSONAL NAME

  • Personal name: احمد,شیخ محمود ;; Ahmed, Sheikh Mahmud

670 ## - SOURCE DATA FOUND

  • Source citation: Work cat.: (BD-RjUL)86496: احمد,شیخ محمود ;; Ahmed, Sheikh Mahmud, مسئلہ زمین اور اسلام / Masʾalah-i zamīn aur islām /